[Katherine Lebow: Unfinished Utopia]

Titel: [Katherine Lebow: Unfinished Utopia] / Brian Porter-Szücs
Verfasser:
In: Canadian Slavonic papers, Band 55, Heft 3 (2013), Seite 567
alle Artikel anzeigen
Veröffentlicht: 2013
Format: Aufsatz
Sprache: Englisch
Schlagworte:
Kein Bild verfügbar
X
alg: 42499455
001A    $06052:18-01-18 
001B    $01999:27-07-21 $t17:19:50.000 
001C    $03025:17-01-18 $t12:40:59.000 
001D    $06052:18-01-18 
001U    $0utf8 
001X    $00 
002@    $0Aox 
003@    $0424994550 
006N    $000036532 
007A    $0424994550 $aHEB 
007D    $asw140425 
007I    $0swets176362581 
010@    $aeng 
011@    $a2013 
013D    $#Newspapers Sections, columns, etc. Reviews $#Book reviewing $#Journaux Cahiers, chroniques, etc. Comptes rendus $#Livres Recension $#Rezension $#Buchbesprechung $#Buchrezension $#Buchkritik $74049712-4 $8Rezension [Ts1] $9085138568 
021A    $a[Katherine Lebow: Unfinished Utopia] $hBrian Porter-Szücs 
028A    $BVerfasser $#Porter, Brian A. $#Szűcs, Brian Porter- $#Porter-Szücs, Brian $#Szücs, Brian Porter- $4aut $71089837976 $8Porter-Szűcs, Brian [Tp3] $937503580X 
031A    $d55 $e3 $g1 $h567 $j2013 
039B    $aIn $8--Abvc--. Canadian Slavonic papers. - Abingdon : Routledge, Taylor & Francis Group, 1956-. - ISSN 0008-5006 $x201300000550003433 $9047451440 
039T    $8--Aau--Lebow, Katherine Anne$Z1970- [Tp3]. Unfinished utopia. - Ithaca, N. Y. : Cornell Univ. Press, 2013. - XIV, 233 S.. - Ill.. - ISBN 978-0-8014-5124-9 $9327243872 
045F    $a900.9438 $eDDC23BSB 
045F/01 $a900 
045F/03 $g438 
045T    $a7,41 $a7,39 

lok: 42499455 78

exp: 42499455 78 1 #EPN
201B/01 $018-01-18 $t08:10:04.000 
201C/01 $017-01-18 
201U/01 $0utf8 
203@/01 $01015354173 
208@/01 $a17-01-18 $be 
209A/01 $a/ $f000 $x00 
209A/01 $ab*p $x01 
220C/01 $apgar 
244Z/01 $#Generalgouvernement Polen $#Polska $#Rzeczpospolita Polska $#Polska Rzeczpospolita Ludowa $#Poland $#Pologne $#République Polonaise $#Generalne Gubernatorstwo w Polsce $#Polish People's Republic $#Polska Rzeczpospolita Polen $#PRL $#RP $#Polen Generalgouvernement $#Polska Generalgouvernement $#Besetzte Polnische Gebiete $#Besetztes Gebiet in Polen $#Okupowane Polskie Obszary $#Obszary Okupowane w Polsce $#Volksrepublik Polen $#Polska Rosyjska $#Republic Polen $#Respublika Pol'ša $#Pol'skaja Narodnaja Respublika $#République de Pologne $#Polen Links der Weichsel $#Polska po Lewej Stronie Wisły $#Lenkija $#Polija $#Gubernija Carstva Pol'skago $#Republik Polen $74046496-9 $8--Tg1--Polen $x01 $9085129801 
247C/01 $82080>Marburg/Lahn, Herder-Institut, Forschungsbibliothek, Bibliographieportal $9336309341
LEADER 00000caa a22000002c 4500
001 424994550
003 DE-603
005 20210727171950.0
007 tu
008 180118s2013 xx |||| | u00||u|eng c
035 |a (DE-599)HEB424994550 
035 |a (NL-LiSWE)00036532 
040 |a DE-603  |b ger  |c DE-603  |d DE-603 
041 |a eng 
082 0 4 |8 1\u  |a 900.9438  |q DE-101  |2 23/BSB 
084 |a 7,41  |a 7,39  |2 ssgn 
085 |8 1\u  |b 900 
085 |8 1\u  |z 2  |s 438 
100 1 |a Porter-Szűcs, Brian  |e Verfasser  |4 aut  |0 (DE-603)37503580X  |0 (DE-588)1089837976  |2 gnd 
245 0 0 |a [Katherine Lebow: Unfinished Utopia]  |c Brian Porter-Szücs 
264 0 |c 2013 
655 7 |a Rezension  |2 gnd-content  |0 (DE-588)4049712-4  |0 (DE-603)085138568 
773 0 8 |i In  |t Canadian Slavonic papers  |d Abingdon : Routledge, Taylor & Francis Group, 1956-  |x 0008-5006  |g Band 55, Heft 3 (2013), Seite 567  |w (DE-603)047451440  |w (DE-600)280616-2 
787 0 8 |i Rezension von  |a Lebow, Katherine Anne, 1970-  |t Unfinished utopia  |d Ithaca, N. Y. : Cornell Univ. Press, 2013  |h XIV, 233 S., Ill.  |z 9780801451249  |w (DE-603)327243872 
924 0 |9 2080  |a (DE-603)1015354173  |b DE-2080  |c HES  |d d  |g /